000 00616nam a2200229Ia 4500
008 160517s9999 xx 000 0 und d
020 _a0-13-048003-7
050 _aComSc TK 5105.5
050 _b.C66 2002
100 _aComer, Douglas E.
245 _aHands-on networking with internet technologies /
245 _cDouglas E. Comer.
260 _aNew Jersey :
260 _bPrentice-Hall Inc.,
260 _c2002
300 _a171 pages :
300 _bcol. ill. ;
300 _c28 cm.
500 _aIncludes index.
650 _aComputer networks.
650 _xInternetworking (Telecommunication).
999 _c294188
_d294188